00555nam a2200181Ia 4500003000900000008004100009020001900050040001600069080002500085100001700110245008900127260003500216300001700251650004100268650001900309650002200328700002300350IN-BaIIA211028s9999 xx 000 0 eng d a0-12-0038815-3 cIIA Library a047.1:539.18bADV-15 aBates, D. R. 0aAdvanced in atomic and molecular physicsbvol.15cD. R. Bates and Benjamin Bederson aNew YorkbAcademic Pressc1979 axviii, 544p. aAstronomy and Astrophysics Thesaurus aAtomic physics aMolecular physics aBederson, Benjamin